<?xml version="1.0" encoding="UTF-8"?>
<record
    xmlns:xsi="http://www.w3.org/2001/XMLSchema-instance"
    xsi:schemaLocation="http://www.loc.gov/MARC21/slim http://www.loc.gov/standards/marcxml/schema/MARC21slim.xsd"
    xmlns="http://www.loc.gov/MARC21/slim">

  <leader>00852nam a2200205 i 4500</leader>
  <controlfield tag="001">106258</controlfield>
  <controlfield tag="003">ES-MaACL</controlfield>
  <controlfield tag="005">20250728113925.0</controlfield>
  <controlfield tag="007">t|</controlfield>
  <controlfield tag="008">061017s1999    sp           ||||1| spa d</controlfield>
  <datafield tag="080" ind1=" " ind2=" ">
    <subfield code="a">299.992</subfield>
  </datafield>
  <datafield tag="100" ind1="0" ind2=" ">
    <subfield code="a">G&#xF3;mez-Tabanera, Jos&#xE9; Manuel,</subfield>
    <subfield code="d">1926-2011</subfield>
    <subfield code="9">58165</subfield>
  </datafield>
  <datafield tag="245" ind1="1" ind2="0">
    <subfield code="a">Ante las presuntas religiones del hombre f&#xF3;sil a la luz de la vocaci&#xF3;n actual de la antropolog&#xED;a / </subfield>
    <subfield code="c">Jos&#xE9; Manuel G&#xF3;mez-Tabanera.</subfield>
  </datafield>
  <datafield tag="260" ind1=" " ind2=" ">
    <subfield code="a">[S.l. : </subfield>
    <subfield code="b">s.n., </subfield>
    <subfield code="c">1999]</subfield>
  </datafield>
  <datafield tag="300" ind1=" " ind2=" ">
    <subfield code="a">[6] h. ; </subfield>
    <subfield code="c">30 cm.</subfield>
  </datafield>
  <datafield tag="500" ind1=" " ind2=" ">
    <subfield code="a">Ejemplar fotocopiado de un art&#xED;culo en el: Homenaje al profesor Dr. Miguel A. Garc&#xED;a Guinea, publicado en Sautuola VI, Revista del Instituto de Prehistoria y Arqueolog&#xED;a Sautuola, Santander 1999.</subfield>
  </datafield>
  <datafield tag="650" ind1="1" ind2="7">
    <subfield code="a">Religiones primitivas</subfield>
    <subfield code="2">embne</subfield>
    <subfield code="9">16825</subfield>
  </datafield>
  <datafield tag="852" ind1=" " ind2=" ">
    <subfield code="a">ES-MaACL</subfield>
    <subfield code="j">2206-F-43 </subfield>
    <subfield code="b">R.138030</subfield>
  </datafield>
  <datafield tag="999" ind1=" " ind2=" ">
    <subfield code="c">106258</subfield>
    <subfield code="d">106258</subfield>
  </datafield>
  <datafield tag="952" ind1=" " ind2=" ">
    <subfield code="0">0</subfield>
    <subfield code="1">0</subfield>
    <subfield code="4">0</subfield>
    <subfield code="7">0</subfield>
    <subfield code="8">Colecci&#xF3;n_de_folletos</subfield>
    <subfield code="a">ATENEOM</subfield>
    <subfield code="b">ATENEOM</subfield>
    <subfield code="c">DEPOF</subfield>
    <subfield code="d">2008-01-17</subfield>
    <subfield code="e">SC</subfield>
    <subfield code="l">0</subfield>
    <subfield code="o">2206-F-43</subfield>
    <subfield code="p">1110925</subfield>
    <subfield code="r">2023-02-23 00:00:00</subfield>
    <subfield code="w">2023-02-23</subfield>
    <subfield code="y">FOLLETOS</subfield>
  </datafield>
</record>
